[Event "Gibtelecom Masters"]
[Site "Gibraltar"]
[Date "2008.01.25"]
[Round "4.68"]
[White "Erichsen, Dan"]
[Black "Lindsoe, Fredrik Aunan"]
[Result "0-1"]
[WhiteElo "2169"]
[BlackElo "2001"]
[PlyCount "124"]
[EventDate "2008.01.22"]

1. e4 c5 2. Nf3 Nc6 3. d4 cxd4 4. Nxd4 Nf6 5. Nc3 e5 6. Ndb5 d6 7. Nd5 Nxd5 8.
exd5 Nb8 9. c4 a6 10. Nc3 Be7 11. Be2 O-O 12. O-O Nd7 13. f4 Qb6+ 14. Kh1 f5
15. Na4 Qc7 16. Be3 Nc5 17. b4 Nxa4 18. Qxa4 Bd7 19. Qa3 e4 20. c5 Bb5 21. Bxb5
axb5 22. Qb3 Ra4 23. Rac1 Kh8 24. Rfd1 Qd7 25. Bd4 Rfa8 26. Rc2 h6 27. Qg3 Bf8
28. Qg6 Kg8 29. c6 bxc6 30. dxc6 Qf7 31. Qxf7+ Kxf7 32. c7 Rc8 33. Rb1 Ke6 34.
Kg1 Kd7 35. Bb6 Ra6 36. Ba5 d5 37. Kf2 d4 38. Rd1 d3 39. Ke3 Bd6 40. Rc3 Rc6
41. Rxc6 Kxc6 42. g4 g6 43. gxf5 gxf5 44. Rc1+ Kd7 45. Rg1 Bxc7 46. Rg7+ Kc6
47. Bxc7 Rxc7 48. Rg6+ Kb7 49. Rg2 Rc1 50. Rd2 Kc6 51. Kd4 Kd6 52. a3 Rc4+ 53.
Ke3 Kd5 54. Rg2 Rc1 55. Rg8 Rc2 56. Rd8+ Kc4 57. Rc8+ Kb3 58. Rd8 Re2+ 59. Kd4
d2 60. Kc5 Kc2 61. Kxb5 d1=Q 62. Rxd1 Kxd1 0-1

[Event "Gibtelecom Masters"]
[Site "Gibraltar"]
[Date "2008.01.25"]
[Round "4.69"]
[White "Jameson, David"]
[Black "Vea, Odin Blikra"]
[Result "1/2-1/2"]
[WhiteElo "2033"]
[BlackElo "2168"]
[PlyCount "127"]
[EventDate "2008.01.22"]

1. e4 c5 2. Nf3 Nc6 3. d4 cxd4 4. Nxd4 Nf6 5. Nc3 e5 6. Ndb5 h6 7. Nd6+ Bxd6 8.
Qxd6 Qe7 9. Qxe7+ Kxe7 10. Be3 d6 11. Bc4 Be6 12. Bxe6 fxe6 13. Rd1 Rhd8 14.
O-O d5 15. Bc5+ Kf7 16. f4 dxe4 17. Rxd8 Rxd8 18. fxe5 Nxe5 19. Bxa7 Kg6 20.
Rf4 Nc6 21. Bb6 Rd2 22. Rf2 Rd7 23. Bc5 e5 24. Re2 Kf5 25. Rf2+ Ke6 26. Re2 Nd4
27. Bxd4 Rxd4 28. h3 g5 29. Kf2 g4 30. Ke3 Kf5 31. Rf2+ Kg6 32. b3 gxh3 33.
gxh3 h5 34. Rg2+ Kf5 35. a4 h4 36. Rg7 b6 37. Rg1 Rd8 38. Rg2 Rc8 39. Rf2+ Ke6
40. Nxe4 Nd5+ 41. Kd2 Rg8 42. c4 Nf4 43. Kc3 Rg3+ 44. Nxg3 hxg3 45. Rd2 g2 46.
Rd1 Nxh3 47. c5 g1=Q 48. Rxg1 Nxg1 49. cxb6 Kd6 50. a5 Kc6 51. Kd3 Nf3 52. b4
Nd4 53. Ke4 Kb7 54. Kd5 Nc6 55. Kc5 Nb8 56. Kd5 Nd7 57. b5 Nxb6+ 58. Kxe5 Nc4+
59. Kd5 Nxa5 60. Kc5 Nb3+ 61. Kb4 Kb6 62. Kc4 Nc5 63. Kb4 Nd7 64. Kc4 1/2-1/2

[Event "Gibtelecom Masters"]
[Site "Gibraltar"]
[Date "2008.01.25"]
[Round "4.70"]
[White "Van Den Bersselaar, Jeroen"]
[Black "Edvardsen, Ingar"]
[Result "1-0"]
[WhiteElo "2164"]
[BlackElo "1972"]
[PlyCount "67"]
[EventDate "2008.01.22"]

1. d4 Nf6 2. c4 e6 3. Nc3 Bb4 4. e3 O-O 5. Nge2 b6 6. a3 Bxc3+ 7. Nxc3 Bb7 8.
d5 d6 9. Be2 Nbd7 10. O-O a5 11. e4 e5 12. Be3 Nc5 13. Qc2 a4 14. Bxc5 bxc5 15.
f3 c6 16. Nxa4 cxd5 17. exd5 Nh5 18. Nc3 f5 19. g3 Qg5 20. Kh1 Nxg3+ 21. hxg3
Qxg3 22. Bd3 Rf6 23. Qg2 Qh4+ 24. Qh2 Qd4 25. Bxf5 Rxf5 26. Ne4 Rf4 27. Rg1
Raf8 28. Rg2 Rxf3 29. Qh6 Rh3+ 30. Qxh3 Qxe4 31. Qe6+ Kh8 32. Qe7 Rg8 33. Rf1
Qxc4 34. Qxg7+ 1-0

[Event "Gibtelecom Masters"]
[Site "Gibraltar"]
[Date "2008.01.25"]
[Round "4.71"]
[White "Van Kemenade, Rudy"]
[Black "Tate, Alan"]
[Result "0-1"]
[WhiteElo "2029"]
[BlackElo "2163"]
[PlyCount "62"]
[EventDate "2008.01.22"]

1. e4 c5 2. Nf3 d6 3. Bb5+ Nd7 4. c3 Ngf6 5. Qe2 a6 6. Ba4 b5 7. Bc2 e5 8. d4
Be7 9. O-O O-O 10. h3 Re8 11. d5 Nf8 12. Rd1 Ng6 13. a4 Bd7 14. axb5 axb5 15.
Rxa8 Qxa8 16. Na3 Rb8 17. Bd2 Nh5 18. Qf1 Nhf4 19. Ra1 Qb7 20. Kh2 Re8 21. Re1
h5 22. h4 c4 23. Ng1 Nxh4 24. g3 Bh3 25. Nxh3 Nf3+ 26. Kh1 Nxd2 27. gxf4 Nxf1
28. Rxf1 exf4 29. Nxf4 Qd7 30. Rg1 Bf6 31. Nxh5 Qh3# 0-1

[Event "Gibtelecom Masters"]
[Site "Gibraltar"]
[Date "2008.01.25"]
[Round "4.72"]
[White "Husin, Axel"]
[Black "Mundaca, Juan Carlos"]
[Result "1/2-1/2"]
[WhiteElo "2012"]
[BlackElo "2162"]
[PlyCount "64"]
[EventDate "2008.01.22"]

1. e4 c5 2. d4 cxd4 3. Nf3 Nc6 4. Nxd4 Nf6 5. Nc3 e5 6. Ndb5 d6 7. Bg5 a6 8.
Na3 b5 9. Nd5 Be7 10. Bxf6 Bxf6 11. c3 Rb8 12. Nc2 Bg5 13. Be2 O-O 14. O-O Kh8
15. Bg4 Ne7 16. Bxc8 Rxc8 17. Ncb4 Nxd5 18. Nxd5 f5 19. exf5 Rxf5 20. Qd3 Rf8
21. Rad1 Rc6 22. Qe2 Rc4 23. f3 Rh4 24. Rd3 Rh6 25. Rfd1 Qe8 26. Ne3 Qb8 27.
Ng4 Rg6 28. Rd5 Bd8 29. Nf2 Bb6 30. Kh1 Bxf2 31. Qxf2 Rf4 32. Qd2 Rff6 1/2-1/2

[Event "Gibtelecom Masters"]
[Site "Gibraltar"]
[Date "2008.01.25"]
[Round "4.73"]
[White "Osuna Vega, Enrique"]
[Black "Hamer, Martyn"]
[Result "1/2-1/2"]
[WhiteElo "2146"]
[BlackElo "1962"]
[PlyCount "80"]
[EventDate "2008.01.22"]

1. d4 Nf6 2. Nf3 e6 3. Bf4 c5 4. e3 b6 5. Nbd2 Bb7 6. Bd3 Be7 7. c3 O-O 8. h3
d6 9. Qe2 cxd4 10. exd4 Nbd7 11. O-O a6 12. Rad1 Re8 13. Bh2 Nf8 14. Ne4 Nxe4
15. Bxe4 Bxe4 16. Qxe4 d5 17. Qd3 Nd7 18. Rfe1 b5 19. a3 Nb6 20. Ne5 Rc8 21.
Qf3 Rf8 22. Re2 a5 23. Nd3 Nc4 24. Qg4 Bd6 25. Bxd6 Qxd6 26. h4 Rfe8 27. Rde1
Rc7 28. Nf4 Kh8 29. Qf3 Rg8 30. Nd3 Qd8 31. g3 Qf6 32. Qg4 Rgc8 33. Nf4 Rg8 34.
Nd3 Rgc8 35. f4 Qg6 36. Qf3 h5 37. Ne5 Qh7 38. Nd3 g6 39. Kh2 Qg7 40. Kg2 Qf6
1/2-1/2

[Event "Gibtelecom Masters"]
[Site "Gibraltar"]
[Date "2008.01.25"]
[Round "4.74"]
[White "Bryn, Askild"]
[Black "Compton, Alistair"]
[Result "1/2-1/2"]
[WhiteElo "1997"]
[BlackElo "2132"]
[PlyCount "81"]
[EventDate "2008.01.22"]

1. c4 e5 2. g3 Nc6 3. Bg2 g6 4. Nc3 Bg7 5. e4 d6 6. d3 Nf6 7. Nge2 O-O 8. O-O
Ne7 9. h3 c6 10. f4 Ne8 11. Be3 Be6 12. fxe5 dxe5 13. b3 Qd7 14. Kh2 b5 15. Qc2
Qc7 16. Rac1 Nd6 17. cxb5 cxb5 18. Nd5 Nxd5 19. Qxc7 Nxc7 20. Rxc7 Rfc8 21.
Rfc1 Rxc7 22. Rxc7 a5 23. d4 a4 24. d5 axb3 25. axb3 Bc8 26. Nc3 Bf8 27. Ra7
Rxa7 28. Bxa7 f5 29. Bb8 Bd7 30. exf5 gxf5 31. Bf1 b4 32. Na2 Nf7 33. Bc4 Kg7
34. Ba7 Nd6 35. Bd3 Nb5 36. Bxb5 Bxb5 37. Be3 Bd3 38. Bd2 Be4 39. Nxb4 Bxb4 40.
Bxb4 Bxd5 41. Bc3 1/2-1/2

[Event "Gibtelecom Masters"]
[Site "Gibraltar"]
[Date "2008.01.25"]
[Round "4.75"]
[White "Kvisla, Johannes Luangtep"]
[Black "Webster, Richard J"]
[Result "1-0"]
[WhiteElo "2130"]
[BlackElo "1989"]
[PlyCount "113"]
[EventDate "2008.01.22"]

1. d4 Nf6 2. c4 g6 3. Nc3 d5 4. Bg5 Ne4 5. Bh4 Nxc3 6. bxc3 Bg7 7. e3 c5 8.
cxd5 cxd4 9. cxd4 Qxd5 10. Nf3 Bf5 11. Be2 Nc6 12. O-O e5 13. dxe5 Qxd1 14.
Raxd1 Nxe5 15. Nxe5 Bxe5 16. Bf3 O-O 17. Bxb7 Rab8 18. Bd5 Rb2 19. e4 Be6 20.
a3 Re8 21. Rd3 Bg4 22. f3 Bc8 23. Bc4 Be6 24. Bxe6 Rxe6 25. f4 Bf6 26. f5 Rc6
27. Bxf6 Rxf6 28. g4 h5 29. gxh5 gxh5 30. Rf2 Rfb6 31. Kg2 Rxf2+ 32. Kxf2 Rb2+
33. Kg3 Re2 34. Kf4 Rxh2 35. Rd7 Rg2 36. Rd3 Kg7 37. e5 Rg4+ 38. Kf3 Rg5 39.
Ke4 Rg4+ 40. Kd5 h4 41. Rh3 Rf4 42. Kd6 Rd4+ 43. Ke7 Rf4 44. f6+ Kg6 45. Rh1
Rg4 46. e6 fxe6 47. f7 Rf4 48. f8=Q Rxf8 49. Kxf8 Kg5 50. Ke7 e5 51. Ke6 e4 52.
Ke5 Kg4 53. Kxe4 h3 54. Rg1+ Kh4 55. Kf3 h2 56. Rh1 Kh3 57. Kf2 1-0

[Event "Gibtelecom Masters"]
[Site "Gibraltar"]
[Date "2008.01.25"]
[Round "4.76"]
[White "Georgieva, Emilia"]
[Black "Vinas Guerrero, Carlos A"]
[Result "0-1"]
[WhiteElo "1985"]
[BlackElo "2129"]
[PlyCount "106"]
[EventDate "2008.01.22"]

1. d4 d5 2. Nf3 Nf6 3. c3 g6 4. Bf4 Bg7 5. Nbd2 Nbd7 6. e3 O-O 7. Bd3 c5 8. Qc2
b6 9. h4 c4 10. Be2 Nh5 11. g4 Nxf4 12. exf4 Qc7 13. Ne5 f6 14. Nexc4 dxc4 15.
Bxc4+ Kh8 16. h5 Qxf4 17. Qe4 Qxe4+ 18. Nxe4 Bb7 19. hxg6 h6 20. f3 Bxe4 21.
fxe4 e5 22. Be6 Rfd8 23. d5 Nc5 24. Bf5 Nd3+ 25. Ke2 Nf4+ 26. Kf3 Bf8 27. Rh2
a5 28. a4 Ra7 29. c4 Kg8 30. b3 Rc7 31. Rah1 Bg7 32. Rd1 Kf8 33. Rhd2 Rd6 34.
Rh2 Ke7 35. Rdh1 Rd8 36. Rxh6 Bxh6 37. Rxh6 Rg8 38. g5 fxg5 39. g7 Rb7 40. d6+
Kf7 41. d7 Rbb8 42. Rc6 Kxg7 43. c5 bxc5 44. Rxc5 Rxb3+ 45. Kg4 Kf6 46. Rxa5
Rh8 47. Ra6+ Ke7 48. Ra7 Rbh3 49. d8=Q+ Kxd8 50. Ra8+ Kc7 51. Rxh8 Rxh8 52.
Kxg5 Ra8 53. Kf6 Kd6 0-1

[Event "Gibtelecom Masters"]
[Site "Gibraltar"]
[Date "2008.01.25"]
[Round "4.77"]
[White "Borg, Andrew"]
[Black "Skage, Oystein Aagedal"]
[Result "1-0"]
[WhiteElo "2127"]
[BlackElo "1919"]
[PlyCount "115"]
[EventDate "2008.01.22"]

1. Nf3 d5 2. d4 Nf6 3. c4 c6 4. e3 a6 5. Bd3 e6 6. O-O Bd6 7. Qc2 Nbd7 8. Nbd2
O-O 9. Rd1 Qe7 10. e4 dxe4 11. Nxe4 Nxe4 12. Bxe4 Nf6 13. Bg5 h6 14. Bh4 c5 15.
d5 e5 16. Bh7+ Kh8 17. Bf5 Bxf5 18. Qxf5 Qd7 19. Qc2 Nh5 20. Bg3 Rae8 21. Re1
Nxg3 22. hxg3 Qg4 23. Re4 Qd7 24. g4 f5 25. gxf5 Qxf5 26. Qe2 Re7 27. Re1 Rf6
28. Nh4 Qg5 29. Rg4 Qh5 30. Qe4 Kg8 31. Ng6 Ref7 32. f3 Rf5 33. Nh4 R5f6 34. g3
g5 35. Rf1 Kf8 36. Ng2 Qg6 37. Qxg6 Rxg6 38. Re4 Rgf6 39. Ne1 h5 40. Kg2 g4 41.
Re3 b5 42. b3 Ke7 43. Nd3 gxf3+ 44. Rfxf3 Rf5 45. Rxf5 Rxf5 46. Nf2 Kd7 47. Ne4
Rf8 48. Rf3 Rxf3 49. Kxf3 Be7 50. Nf2 Kc7 51. Ke4 Kb6 52. Kxe5 Ka5 53. Nd3 h4
54. gxh4 Bxh4 55. d6 b4 56. Kd5 Bd8 57. Nxc5 Bb6 58. Nb7# 1-0

[Event "Gibtelecom Masters"]
[Site "Gibraltar"]
[Date "2008.01.25"]
[Round "4.78"]
[White "Petrovic, Marko"]
[Black "Ocana Roca, Juan Jesus"]
[Result "0-1"]
[WhiteElo "1983"]
[BlackElo "2127"]
[PlyCount "124"]
[EventDate "2008.01.22"]

1. e4 c5 2. Nf3 d6 3. d4 cxd4 4. Nxd4 Nf6 5. Bd3 Nc6 6. Nb3 d5 7. exd5 Qxd5 8.
O-O g6 9. Nc3 Qd8 10. Qe2 Bg7 11. Bf4 O-O 12. Rad1 Qb6 13. Kh1 a6 14. h3 Qa7
15. Qf3 Nb4 16. Be2 Nxc2 17. Rd2 Nb4 18. Be3 b6 19. Qf4 Nc6 20. Bf3 Bb7 21. Na4
e5 22. Qh4 Nd4 23. Nxd4 exd4 24. Bxd4 Bxf3 25. gxf3 Qd7 26. Kg2 Qc6 27. Bxb6 g5
28. Qb4 Nd5 29. Qc5 Nf4+ 30. Kg3 Qxa4 31. Qxg5 Ne6 32. Qe3 Qb5 33. Rg1 Rab8 34.
Bd4 Nxd4 35. Rxd4 Rfe8 36. Re4 Rxe4 37. fxe4 Qxb2 38. Kh2 Kh8 39. Kh1 Re8 40.
Qa7 Qxa2 41. f4 Qe6 42. Kh2 Qe7 43. Qxa6 Qxe4 44. Qd6 Qe6 45. Qc7 Bh6 46. Qc3+
f6 47. Qf3 Qe2+ 48. Qxe2 Rxe2+ 49. Kg3 Re4 50. Rf1 Rxf4 51. Rxf4 Bxf4+ 52. Kxf4
Kg7 53. Kf5 Kf7 54. h4 h5 55. Ke4 Ke6 56. Kf4 f5 57. Kf3 Ke5 58. Ke3 f4+ 59.
Kf2 Ke4 60. Ke2 f3+ 61. Kf2 Kf4 62. Kf1 Kg3 0-1

[Event "Gibtelecom Masters"]
[Site "Gibraltar"]
[Date "2008.01.25"]
[Round "4.79"]
[White "Arnott, Jonathan W"]
[Black "Jorgensen, Line Jin"]
[Result "1-0"]
[WhiteElo "2117"]
[BlackElo "1867"]
[PlyCount "87"]
[EventDate "2008.01.22"]

1. e4 c5 2. c3 d5 3. exd5 Qxd5 4. Nf3 Bg4 5. d4 Nc6 6. Be2 cxd4 7. cxd4 Nf6 8.
Nc3 Qf5 9. O-O e6 10. Be3 Be7 11. Rc1 O-O 12. h3 Bh5 13. Nh4 Bxe2 14. Qxe2 Qa5
15. Rfd1 Nd5 16. Nf3 Nxe3 17. Qxe3 Rad8 18. a3 Qb6 19. Rd2 Na5 20. Rdc2 Nc4 21.
Qe2 Nd6 22. d5 Nf5 23. dxe6 fxe6 24. Re1 Kh8 25. Qxe6 Rd6 26. Qe5 Qb3 27. Rce2
Qf7 28. Qe4 Rh6 29. Ne5 Qh5 30. Qg4 Qxg4 31. Nxg4 Rd6 32. Rxe7 Nxe7 33. Rxe7
Rd2 34. Rxb7 h5 35. Ne3 Rfxf2 36. Rxa7 Rxb2 37. Ncd1 Rfd2 38. Nxb2 Rxb2 39. a4
g5 40. a5 Re2 41. Re7 g4 42. hxg4 hxg4 43. Re8+ Kh7 44. Nxg4 1-0

[Event "Gibtelecom Masters"]
[Site "Gibraltar"]
[Date "2008.01.25"]
[Round "4.80"]
[White "Marks, Ian A"]
[Black "Goodger, Martyn"]
[Result "0-1"]
[WhiteElo "1919"]
[BlackElo "2113"]
[PlyCount "78"]
[EventDate "2008.01.22"]

1. Nf3 e6 2. d4 f5 3. g3 Nf6 4. Bg2 d5 5. O-O Bd6 6. c4 c6 7. b3 Qe7 8. Nbd2
Nbd7 9. Bb2 O-O 10. Ne5 Ne4 11. Nxe4 fxe4 12. f3 Nxe5 13. dxe5 Bc5+ 14. Bd4
exf3 15. exf3 dxc4 16. Bf2 cxb3 17. Qxb3 b6 18. f4 Ba6 19. Bxc6 Rac8 20. Bb5
Bxf2+ 21. Rxf2 Bxb5 22. Qxb5 g5 23. Rd1 gxf4 24. gxf4 Rxf4 25. Rxf4 Qg5+ 26.
Kh1 Qxf4 27. Qd7 Qf3+ 28. Kg1 Qe3+ 29. Kh1 Qe4+ 30. Kg1 Qc6 31. Qxa7 Kh8 32.
Qf7 Rg8+ 33. Kf1 Qc4+ 34. Kf2 Qc5+ 35. Kf3 Rf8 36. Rd8 Qd5+ 37. Rxd5 Rxf7+ 38.
Ke4 exd5+ 39. Kxd5 Ra7 0-1

[Event "Gibtelecom Masters"]
[Site "Gibraltar"]
[Date "2008.01.25"]
[Round "4.83"]
[White "Suez-Panama, Gilles"]
[Black "Lode, Marius"]
[Result "1-0"]
[WhiteElo "2099"]
[BlackElo "1822"]
[PlyCount "49"]
[EventDate "2008.01.22"]

1. d4 Nf6 2. Nf3 g6 3. c4 Bg7 4. Nc3 d5 5. cxd5 Nxd5 6. e4 Nxc3 7. bxc3 O-O 8.
Be2 c5 9. Rb1 Nc6 10. d5 Ne5 11. Nxe5 Bxe5 12. Qd2 e6 13. f4 Bg7 14. c4 exd5
15. cxd5 Re8 16. e5 b6 17. O-O Bb7 18. Bc4 a6 19. a4 Qd7 20. Rxb6 Qxa4 21. Qa2
Qd7 22. Qb3 Ra7 23. Be3 Qc8 24. Rb1 Ba8 25. Rb8 1-0

[Event "Gibtelecom Masters"]
[Site "Gibraltar"]
[Date "2008.01.25"]
[Round "4.84"]
[White "Obers, Frits"]
[Black "Aagedal, Geir Ole"]
[Result "1-0"]
[WhiteElo "2094"]
[BlackElo "1839"]
[PlyCount "93"]
[EventDate "2008.01.22"]

1. c4 e5 2. g3 Nc6 3. Bg2 g6 4. Nc3 Bg7 5. e4 d6 6. Nge2 Be6 7. d3 Nge7 8. Nd5
O-O 9. O-O Qd7 10. Be3 f5 11. Qd2 Rf7 12. f3 Raf8 13. Rae1 Nd4 14. Nxd4 exd4
15. Bg5 Nc6 16. exf5 Rxf5 17. f4 R5f7 18. Nxc7 Bh3 19. Nd5 h6 20. Bxh3 Qxh3 21.
Be7 Re8 22. Bxd6 Re3 23. Nxe3 dxe3 24. Qg2 Qd7 25. Bc5 Qxd3 26. Qd5 Qxd5 27.
cxd5 b6 28. Bxe3 Nb4 29. Rd1 Nxa2 30. Bd4 Bf8 31. Rfe1 Nb4 32. Re6 Nxd5 33.
Rxg6+ Kh7 34. Re6 Rd7 35. Kf2 Ne7 36. Ke2 Nf5 37. Be5 Rf7 38. g4 Ng7 39. Rc6
Ne8 40. Rd8 Ng7 41. Rxf8 Rxf8 42. Rc7 Rg8 43. Rxa7 h5 44. h3 b5 45. Rxg7+ Rxg7
46. Bxg7 Kxg7 47. Kd3 1-0

[Event "Gibtelecom Masters"]
[Site "Gibraltar"]
[Date "2008.01.25"]
[Round "4.89"]
[White "Norinkeviciute, Rasa"]
[Black "Gibson, Christopher A"]
[Result "1-0"]
[WhiteElo "2064"]
[BlackElo "2019"]
[PlyCount "65"]
[EventDate "2008.01.22"]

1. c4 e5 2. g3 Nc6 3. Bg2 g6 4. Nc3 Bg7 5. e4 d6 6. d3 f5 7. Nge2 Nf6 8. O-O
O-O 9. Rb1 a5 10. a3 Be6 11. Nd5 Ne7 12. Nxe7+ Qxe7 13. exf5 Bxf5 14. Bxb7 Rab8
15. Bg2 a4 16. b4 axb3 17. Rxb3 c5 18. Rxb8 Rxb8 19. Nc3 Ng4 20. Nb5 Bh6 21.
Bxh6 Nxh6 22. a4 Qd8 23. Qd2 Nf7 24. Bd5 Qb6 25. f4 Rf8 26. fxe5 dxe5 27. Qc3
Qf6 28. Qa3 Qg5 29. Qxc5 Bxd3 30. Qxf8+ Kxf8 31. Rxf7+ Ke8 32. Nc7+ Kd8 33.
Ne6+ 1-0

[Event "Gibtelecom Masters"]
[Site "Gibraltar"]
[Date "2008.01.25"]
[Round "4.90"]
[White "Kulago, Alexander"]
[Black "Matthews, Adrian M S"]
[Result "1-0"]
[WhiteElo "2206"]
[BlackElo "1920"]
[PlyCount "111"]
[EventDate "2008.01.22"]

1. Nf3 Nf6 2. c4 c5 3. Nc3 Nc6 4. d4 cxd4 5. Nxd4 g6 6. e4 d6 7. Be2 Nxd4 8.
Qxd4 Bg7 9. Be3 O-O 10. Qd2 Be6 11. f3 Rc8 12. Nd5 Bxd5 13. cxd5 a5 14. O-O Nd7
15. Rac1 Nc5 16. Rc2 f5 17. exf5 Rxf5 18. Rfc1 b6 19. Bb5 Ra8 20. Bc6 Rb8 21.
Bb5 Qf8 22. Rc4 Be5 23. f4 Bg7 24. g4 Rf7 25. R1c2 g5 26. f5 h6 27. Kg2 Bf6 28.
h4 Qg7 29. h5 Rff8 30. a3 Nb3 31. Qf2 Na1 32. Re2 Nb3 33. Bxb6 Rxb6 34. Qxb6
Nd4 35. Re4 Nxb5 36. Qxb5 Bxb2 37. Re2 Bxa3 38. Qxa5 Bc5 39. Rce4 Re8 40. Qb5
Qf7 41. Qd7 Rb8 42. Qe6 Qxe6 43. Rxe6 Rb1 44. Rxe7 Rg1+ 45. Kf3 Rf1+ 46. Ke4
Rf4+ 47. Kd3 Rxg4 48. Ra2 Rg3+ 49. Kc4 Rg4+ 50. Kb5 Rb4+ 51. Kc6 Rb8 52. Rae2
Rf8 53. Re8 Rxe8 54. Rxe8+ Kf7 55. Re6 Kg7 56. Rg6+ 1-0

[Event "Gibtelecom Masters"]
[Site "Gibraltar"]
[Date "2008.01.25"]
[Round "4.91"]
[White "Perman, Torvald"]
[Black "Jacobsen, Maria Pitz"]
[Result "1/2-1/2"]
[WhiteElo "2092"]
[BlackElo "1799"]
[PlyCount "87"]
[EventDate "2008.01.22"]

1. c4 e5 2. Nc3 Nf6 3. g3 Bc5 4. e3 Nc6 5. a3 O-O 6. b4 Be7 7. Bg2 d6 8. Nge2
Be6 9. Nd5 Qc8 10. O-O Bh3 11. Bb2 Bxg2 12. Kxg2 Qg4 13. d3 Bd8 14. h3 Qg6 15.
f4 Nxd5 16. cxd5 Ne7 17. fxe5 Nxd5 18. Qd2 dxe5 19. Bxe5 Qe6 20. Bd4 Bg5 21.
Nf4 Nxf4+ 22. gxf4 Bf6 23. Bxf6 Qxf6 24. Rac1 c6 25. Qc3 Qxc3 26. Rxc3 Rfe8 27.
Kf3 Re6 28. Rg1 Rae8 29. e4 f6 30. a4 Rd8 31. Rb1 Rd4 32. Ke3 Red6 33. Rbb3 Kf7
34. Rc5 Ke6 35. Ra5 a6 36. b5 axb5 37. axb5 cxb5 38. Raxb5 Rd7 39. Rb6+ Ke7 40.
Ke2 Ke8 41. Rxb7 Rxd3 42. Rb8+ Rd8 43. Rxd8+ Rxd8 44. Rb7 1/2-1/2

[Event "Gibtelecom Masters"]
[Site "Gibraltar"]
[Date "2008.01.25"]
[Round "4.92"]
[White "Reppen, Ellisiv"]
[Black "Fairbairn, Stephen"]
[Result "1/2-1/2"]
[WhiteElo "1918"]
[BlackElo "2086"]
[PlyCount "60"]
[EventDate "2008.01.22"]

1. e4 d5 2. exd5 Qxd5 3. Nc3 Qa5 4. d4 Nf6 5. Bc4 c6 6. Bd2 Bf5 7. Nd5 Qd8 8.
Nxf6+ gxf6 9. Nf3 Nd7 10. Be3 e6 11. Qd2 Qc7 12. O-O-O O-O-O 13. Qc3 Bd6 14.
Nh4 Bg6 15. Nxg6 hxg6 16. h3 Nb6 17. Bb3 Nd5 18. Bxd5 exd5 19. Rhe1 Rde8 20.
Bd2 Re6 21. Qf3 Rhe8 22. Rxe6 Rxe6 23. Re1 Rxe1+ 24. Bxe1 Qe7 25. Bd2 Qe6 26.
Kd1 f5 27. g4 fxg4 28. hxg4 f5 29. gxf5 Qxf5 30. Qxf5+ gxf5 1/2-1/2

[Event "Gibtelecom Masters"]
[Site "Gibraltar"]
[Date "2008.01.25"]
[Round "4.93"]
[White "Reichard, Sigge"]
[Black "Arvola, Benjamin"]
[Result "1/2-1/2"]
[WhiteElo "1967"]
[BlackElo "2062"]
[PlyCount "79"]
[EventDate "2008.01.22"]

1. e4 e5 2. Nf3 Nc6 3. Bc4 Nf6 4. d3 Be7 5. c3 O-O 6. Nbd2 d5 7. exd5 Nxd5 8.
O-O Nb6 9. Bb5 Bg4 10. h3 Bh5 11. g4 Bg6 12. Bxc6 bxc6 13. Nxe5 Bxd3 14. Nxc6
Qd6 15. Nxe7+ Qxe7 16. Re1 Qd8 17. Nf3 Ba6 18. Qxd8 Raxd8 19. Bf4 Na4 20. Bxc7
Rd7 21. Be5 Nxb2 22. Bd4 Nd3 23. Re3 Rb7 24. Ne5 Nf4 25. Bc5 Re8 26. Rae1 Ne2+
27. Kh2 f6 28. Nc6 Rxe3 29. Bxe3 Nxc3 30. Bxa7 h6 31. Bd4 Nxa2 32. Ra1 Bc4 33.
Na5 Rd7 34. Bxf6 Bf7 35. Bh4 Bd5 36. Rd1 Nc3 37. Rd3 Ra7 38. Rxc3 Rxa5 39. Rc7
Rb5 40. Rd7 1/2-1/2